| 000 | 00803cam a2200277 a 4500 | ||
|---|---|---|---|
| 001 | 60065 | ||
| 003 | CO-BoRNBP | ||
| 005 | 20251205200003.0 | ||
| 007 | ta | ||
| 008 | 980310c1941 ag r 00011 spa d | ||
| 040 |
_aua _cua _dla |
||
| 041 | 1 |
_aspa _hrus |
|
| 043 | _ae-ur--- | ||
| 082 | 0 | 4 |
_a891.72 _bC43j1 _219 ed. |
| 100 | 1 |
_aChejov, Anton Pavlovich, _d1860-1904. _92719 |
|
| 245 | 1 | 3 |
_aEl jardín de los cerezos / _cAnton Pavlovich Chekjov ; traducción del ruso por S. Ximénez. |
| 250 | _a1a. edición | ||
| 300 |
_a159 p. ; _c17 cm. |
||
| 336 |
_2rdacontent _atexto _btxt |
||
| 337 |
_2rdamedia _asin mediación _bn |
||
| 338 |
_2rdacarrier _avolumen _bnc |
||
| 650 | 7 |
_aTeatro ruso. _2BLAAUTO _967660 |
|
| 700 | 1 |
_aXimenéz, S., _etr. _967661 |
|
| 942 |
_2ddc _cBK |
||
| 949 |
_an _bn |
||
| 999 |
_c60065 _d60065 |
||